The Charter Of The United Nations: (Record no. 622604)

MARC details
000 -LEADER
fixed length control field 00760nam a22002777a 4500
008 - FIXED-LENGTH DATA ELEMENTS--GENERAL INFORMATION
fixed length control field 260506b |||||||| |||| 00| 0 eng d
020 ## - INTERNATIONAL STANDARD BOOK NUMBER
ISBN 9780199244492
Paper back/Hardbound hbk
041 ## - LANGUAGE CODE
Language code of text/sound track or separate title eng
082 ## - DEWEY DECIMAL CLASSIFICATION NUMBER
Classification number 341.232 SIM
100 ## - MAIN ENTRY--AUTHOR NAME
Personal name Simma, Bruno
245 ## - TITLE STATEMENT
Title The Charter Of The United Nations:
Sub Title A Commentary
Statement of responsibility, etc /edited by Bruno Simma;
250 ## - EDITION STATEMENT
Edition statement 2nd ed.
260 ## - PUBLICATION, DISTRIBUTION, ETC. (IMPRINT)
Place of publication USA
Name of publisher Oxford University Press
Year of publication 2002
300 ## - PHYSICAL DESCRIPTION
Number of Pages lxiv, 895p. :
Dimensions 26cm.
490 ## - SERIES STATEMENT
Volume number/sequential designation vol. 1
504 ## - BIBLIOGRAPHY, ETC. NOTE
Bibliography, etc Includes index
650 ## - SUBJECT ADDED ENTRY--TOPICAL TERM
Topical Term Law of nations
700 ## - ADDED ENTRY--PERSONAL NAME
Personal name Mosler, Hermann
Personal name Randelzhofer, Albrecht
Personal name Tomuschat, Christian
Personal name Wolfrum, Rudiger
Personal name Paulus, Andreas
Personal name Chaitidou, Eleni
942 ## - ADDED ENTRY ELEMENTS (KOHA)
Koha item type English Books
Holdings
Withdrawn status Lost status Damaged status Not for loan Home library Current library Shelving location Date acquired Full call number Accession Number Price effective from Koha item type
        Anna Centenary Library Anna Centenary Library 4TH FLOOR, A WING 18.08.2010 341.232 SIM 268187 06.05.2026 English Books

Find us on the map